000 00957nam a2200265 i 4500
001 179916
003 ES-MaACL
005 20230927165021.0
008 120224s2007 sp |||| | spa d
020 _a978-84-370-6862-6
080 _a004.738.5 Google
080 _a025.7/.9:004.62
100 1 _aJeanneney, Jean-Noël.
_966251
245 1 0 _aGoogle desafía a Europa
_b: el mito del conocimiento universal /
_cJean-Noël Jeanneney ; traducción de Antoni Furió.
260 _a[Valencia] :
_bUniversitat de València,
_c2007.
300 _a161 p. ;
_c22 cm.
630 0 7 _aGoogle.
_9149448
650 7 _aMateriales bibliotecarios-
_xDigitalización.
_9145770
650 4 _aRecuperación de la información.
_9149450
700 1 _aFurió, Antoni (
_qFurió Diego)
_9149449
710 2 _aUniversidad de Valencia.
_97314
852 _aES-MaACL
_jA-11994
_9186820
_bR.146940
_cDEPO1
_dOlim: N-4999
942 _2udc
_cMONOGRAFIA
999 _c179916
_d179916